000 06407nam a22005177a 4500
005 20090209165836.0
010 _aHIN-86136
020 _a9788121612913
_c150.00
035 _aHN-58482
035 _aB-404667-690
037 _bDBAD / PUB
_aहिन्द पॉकेट बुक्स/ PUB
082 _a
100 _aचतुरसेन
_921139
245 _aसोया हुआ शहर /
_cआचार्य चतुरसेन
246 _aSoyaa huaa shahara
_bby Acharya Chatursen
260 _aनई दिल्ली
_bहिन्द पॉकेट बुक्स
_c2009
270 _aजे-40, जोरबाग लेन
_bनई दिल्ली
_e110 003
300 _a267पृ.
_c22सेमी (अजिल्द)
942 _2ddc
_cHN
_mचतुर
_h
999 _c23371
_d23371